Slovensko v kríze

Príčiny rozdielov v konkurenčnej výkonnosti členských krajín EÚ. Dôsledky optimalizačných úvah o reformných impulzoch a ich odraz v platobných bilanciách krajín eurozóny. Kritický pohľad na aktuálne ekonomické problémy v krízovom období na Slovensku a ich možné riešenia v praxi.

Salvato in:
Dettagli Bibliografici
Autore principale: Pauličková, Alena
Natura: Capitolo di libro
Lingua:slovacco
Soggetti:
Tags: Aggiungi Tag
Nessun Tag, puoi essere il primo ad aggiungerne!!

MARC

LEADER 00000naa a2200000 4500
001 0181834
005 20231211131557.5
041 0 |a slo 
044 |a SK 
245 1 0 |a Slovensko v kríze  |c Alena Pauličková 
520 |a Príčiny rozdielov v konkurenčnej výkonnosti členských krajín EÚ. Dôsledky optimalizačných úvah o reformných impulzoch a ich odraz v platobných bilanciách krajín eurozóny. Kritický pohľad na aktuálne ekonomické problémy v krízovom období na Slovensku a ich možné riešenia v praxi. 
610 2 0 |a Európska únia 
610 2 0 |a Slovensko 
610 2 0 |a konkurencieschopnosť 
610 2 0 |a kríza hospodárska 
610 2 0 |a reformy hospodárske 
100 1 |a Pauličková, Alena